Risultati della consultazione. Analisi e Proposte. Indici Tor San Lorenzo 20/03 - 16/04/ 1975 (Record n. 98258)

Dettagli MARC
000 -LEADER
fixed length control field 00671nam a22001697a 4500
003 - CONTROL NUMBER IDENTIFIER
control field IT-RoPau
005 - DATE AND TIME OF LATEST TRANSACTION
control field 20220918181102.0
008 - FIXED-LENGTH DATA ELEMENTS--GENERAL INFORMATION
fixed length control field 130321b xxu||||| |||| 00| 0 eng d
040 ## - CATALOGING SOURCE
Transcribing agency IT-RoPau
100 ## - MAIN ENTRY--PERSONAL NAME
Personal name Commissione precapitolare per la Vita religiosa
9 (RLIN) 476
245 ## - TITLE STATEMENT
Title Risultati della consultazione. Analisi e Proposte. Indici Tor San Lorenzo 20/03 - 16/04/ 1975
250 ## - EDITION STATEMENT
Edition statement I
260 ## - PUBLICATION, DISTRIBUTION, ETC. (IMPRINT)
Place of publication, distribution, etc. Tor San Lorenzo (Roma)
Name of publisher, distributor, etc. Commissione precapitolare per la Vita religiosa
Date of publication, distribution, etc. 1975
300 ## - PHYSICAL DESCRIPTION
Extent 29 pp.
Dimensions 28 cm
520 ## - SUMMARY, ETC.
Summary, etc. Indice<br/><br/>Presentazione<br/>Parte Prima - Risultati della consultazione<br/>Parte Seconda - Analisi e proposte<br/>Parrte Terza - Indici<br/><br/>
942 ## - ADDED ENTRY ELEMENTS (KOHA)
Source of classification or shelving scheme Dewey Decimal Classification
Koha item type LIBRO
Dati di copia
Withdrawn status Lost status Source of classification or shelving scheme Damaged status Not for loan Home library Current library Date acquired Total Checkouts Full call number Date last seen Price effective from Koha item type
    Dewey Decimal Classification Buone Condizioni Not For Loan PAULUS-BIBLIOTECA PAULUS-BIBLIOTECA 21/03/2013   P C4 21/03/2013 21/03/2013 LIBRO
CREDITS: SOCIETA' SAN PAOLO Via A.Severo, 58 - ROMA (RM) & PERIODICI SAN PAOLO SRL Via Giotto, 36 MILANO & CISF Via Giotto, 36 MILANO & EDIZIONI SAN PAOLO SRL,  Piazza Soncino, 5 CINISELLO BALSAMO (MI) -- ITALY